| 000 | 00611nam a22001577a 4500 | ||
|---|---|---|---|
| 003 | OSt | ||
| 005 | 20150906095934.0 | ||
| 008 | 150906b xxu||||| |||| 00| 0 eng d | ||
| 040 | _cRUA | ||
| 082 | _aAGR ម៉ៅ 1989 B001 Or.1 | ||
| 100 |
_977 _aម៉ៅ ណារិទ្ធ |
||
| 245 | _aរបៀបដាក់ជីលើសណ្ដែកសៀង ដំណាំឆ្លាស់នៅលើដីល្បប់ពាក់កណ្ដាលជាំទឹកនិងផលិតភាពរបស់វា | ||
| 260 |
_aPhnom Penh _bRUA _c1989 |
||
| 300 |
_a113p. _bill. _c29cm. |
||
| 942 |
_2ddc _cAGR |
||
| 999 |
_c74 _d74 |
||